01137nam a2200253 4500003001100000005001700011008004100028020001500069040003900084041000800123082001600131100001600147245011800163260008300281300005700364490005500421650005300476650006000529650003400589856014700623942000700770952009100777999001500868LK-CoMWRAF20231211131752.0231203b2004 |||||||| |||| 00| 0 eng d a9834240023 aLK-CoMWRAFdLK-CoMWRAFeLK-CoMWRAF aeng a305.42bSEP aSepper, Liz a Lack of access lack of care : ba reference guide to women's right to health in the international trading system aKuala Lumpur:b International Women's Rights Action Watch Asia Pacific, c2004 a ii, 64 p. ; 22 cm.bBibliography and index included a IWRAW Asia Pacific occasional papers seriesvNo.3 aWomen Health and hygiene- Sociological aspects  aWomen's health services- Social aspects -Southeast Asia aWomen's rights-Southeast Asia uhttps://www.iwraw-ap.org/wp-content/uploads/2019/07/OPS_3-Lack-of-Access-Lack-of-Care-A-reference-guide-to-women%E2%80%99s-right-to-health.pdf cBK 00104070aMAINbMAINd2023-12-03l0o305.42 SEPpRAF3294r2023-12-03w2023-12-03yBK c4282d4282